000
00319nam a2200133Ia 4500
008
220204s9999 xx 000 0 und d
082
_a
621.9
_b
PAN
100
_a
Panda, N C
245
0
_a
Elements of machine design
260
_a
Anand
_b
Charotar Book
650
_a
Machine design
700
_a
Shah, C S
942
_c
BK
999
_c
23065
_d
23065